| 000 | 00963cam a2200289 4500 | ||
|---|---|---|---|
| 008 | 010921n2002 000 0 eng u | ||
| 020 | _a1859415865 | ||
| 035 | _a(Sirsi) u114739 | ||
| 050 | _a614.7026 | ||
| 100 | _aSunkin, M. | ||
| 245 | _aSourcebook on environmental law | ||
| 250 | _a2nd ed. | ||
| 260 |
_aLondon _bCavendish _c2002 |
||
| 300 | _alxxvi, 901p. ; 24cm. | ||
| 350 | _a25.95 | ||
| 520 | _aThis second edition takes into account the latest developments in environmental law. It includes updated and expanded commentary on the new contaminated land regime. A new chapter on noise has been included and the international law section has been thoroughly revised. | ||
| 650 | _aENVIRONMENTAL LAW | ||
| 650 |
_aEnvironment _96238 |
||
| 650 | _aLAW | ||
| 650 | _aKYOTO | ||
| 650 | _aPOLLUTION | ||
| 650 | _aCONTAMINATED LAND | ||
| 690 | _aENVIRONMENT-ENVIRONMENTAL LAW | ||
| 700 | _aOng, D. | ||
| 700 | _aWright, R. | ||
| 942 | _n0 | ||
| 999 |
_c101652 _d101652 |
||